Hitler me dijo (Record no. 6544)
[ view plain ]
| 000 -CABECERA | |
|---|---|
| campo de control de longitud fija | 00846nam a2200253 a 4500 |
| 001 - NÚMERO DE CONTROL | |
| campo de control | BRCA_6862 |
| 005 - FECHA Y HORA DE LA ÚLTIMA TRANSACCIÓN | |
| campo de control | 20190320205623.0 |
| 008 - DATOS DE LONGITUD FIJA--INFORMACIÓN GENERAL | |
| campo de control de longitud fija | 101111s1940----ag-a######---#000-0#spa-# |
| 041 ## - CÓDIGO DE LENGUA | |
| Código de lengua del texto/banda sonora o título independiente | spa |
| 044 ## - CÓDIGO DEL PAÍS DE LA ENTIDAD EDITORA/PRODUCTORA | |
| Código MARC del país | ag |
| 050 #4 - SIGNATURA TOPOGRÁFICA DE LA BIBLIOTECA DEL CONGRESO | |
| Número de clasificación | DD247 |
| Número de documento/Ítem | .H5 R38 1940 |
| 245 10 - MENCIÓN DE TÍTULO | |
| Título | Hitler me dijo |
| Resto del título | confidencias del führer sobre su plan de conquista del mundo |
| Mención de responsabilidad, etc. | Hermann Rauschning ; versión castellana por Enrique Marti. |
| 260 ## - PUBLICACIÓN, DISTRIBUCIÓN, ETC. | |
| Lugar de publicación, distribución, etc. | Buenos Aires |
| Nombre del editor, distribuidor, etc. | Librería Hachette |
| Fecha de publicación, distribución, etc. | 1940 |
| 300 ## - DESCRIPCIÓN FÍSICA | |
| Extensión | 243 p. |
| Otras características físicas | il. |
| Dimensiones | 21 cm. |
| 500 ## - NOTA GENERAL | |
| Nota general | Estado físico: lomo y cubiertas desprendidos |
| 500 ## - NOTA GENERAL | |
| Nota general | O50 |
| 600 14 - PUNTO DE ACCESO ADICIONAL DE MATERIA--NOMBRE DE PERSONA | |
| Nombre de persona | Hitler, Adolfo |
| Fechas asociadas al nombre | 1889-1945 |
| 9 (RLIN) | 17099 |
| 650 14 - PUNTO DE ACCESO ADICIONAL DE MATERIA--TÉRMINO DE MATERIA | |
| Término de materia o nombre geográfico como elemento de entrada | Hitler, Adolf |
| Subdivisión cronológica | 1889-1945 |
| 9 (RLIN) | 17100 |
| 651 #4 - PUNTO DE ACCESO ADICIONAL DE MATERIA--NOMBRE GEOGRÁFICO | |
| Nombre geográfico | Alemania |
| Subdivisión general | Historia |
| Subdivisión geográfica | 1933-1945 |
| 9 (RLIN) | 17101 |
| 700 1# - PUNTO DE ACCESO ADICIONAL--NOMBRE DE PERSONA | |
| Nombre de persona | Rauschning, Hermann |
| Término indicativo de función/relación | aut. |
| 9 (RLIN) | 17102 |
| 700 1# - PUNTO DE ACCESO ADICIONAL--NOMBRE DE PERSONA | |
| Nombre de persona | Marti, Enrique |
| Término indicativo de función/relación | tr. |
| 9 (RLIN) | 17103 |
| 902 ## - CATALOGADOR | |
| Iniciales | GFM |
| 942 ## - ELEMENTOS DE PUNTO DE ACCESO ADICIONAL (KOHA) | |
| Fuente del sistema de clasificación o colocación | Library of Congress Classification |
| Tipo de ítem Koha | Libros |
| Estado de retiro | Estado de pérdida | Estado dañado | No para préstamo | Localización permanente | Ubicación/localización actual | Fecha de adquisición | Número de inventario | Total de préstamos | Signatura topográfica completa | Código de barras | Fecha visto por última vez | Precio válido a partir de | Tipo de ítem Koha |
|---|---|---|---|---|---|---|---|---|---|---|---|---|---|
| El ejemplar forma parte de la colección y puede ser consultado según las políticas vigentes. | Biblioteca del Museo Franz Mayer (Rogerio Casas-Alatriste) | Biblioteca del Museo Franz Mayer (Rogerio Casas-Alatriste) | 10/11/2011 | O50 | DD247 .H5 R38 1940 (O50) | 7309 | 22/03/2019 | 22/03/2019 | Libros |